[Event "FIDE-Wch k.o."]
[Site "Moscow"]
[Date "2001.11.30"]
[Round "2.4"]
[White "Sulskis, Sarunas"]
[Black "Svidler, Peter"]
[Result "0-1"]
[WhiteElo "2571"]
[BlackElo "2686"]
[Annotator "Lukacs,P"]
[PlyCount "68"]
[EventDate "2001.11.27"]
[EventType "k.o."]
[EventRounds "7"]
[EventCountry "RUS"]
[SourceTitle "CBM 086"]
[Source "ChessBase"]
[SourceDate "2002.02.05"]
[SourceVersion "1"]
[SourceVersionDate "2002.02.05"]
[SourceQuality "1"]

1. e4 e5 2. Nf3 Nc6 3. Bc4 Bc5 4. b4 Bxb4 5. c3 Ba5 6. d4 exd4 (6... d6 7. Qb3
Qd7 {- Sveshnikov-Sharma, Dubai op 2001 CBM 83}) 7. O-O (7. Qb3 Qf6 {-
Short-Piket,Zuerich 2001 CBM 83}) 7... Nge7 8. cxd4 (8. Ng5 {-
Morozevich-Adams, Corus Wijk aan Zee 2001 CBM 81}) 8... d5 9. exd5 Nxd5 10. Qb3
(10. Ba3 {White wants to prevent Black from castling.} Be6 11. Bb5 (11. Qb3 {
- 10.Qb3}) 11... Bb4 {The a3 B is too strong to let him live.} 12. Qa4 (12.
Bxb4 Ndxb4 13. Bxc6+ Nxc6 14. Nc3 Ne7 15. Ng5 O-O 16. Qb1 $11 {Levenfish}) (12.
Bxc6+ bxc6 13. Bxb4 Nxb4 14. Qa4 Rb8 15. a3 Nd5 16. Qxa7 O-O {White has got
back the P, but lost the |^, and Black's pieces are better developed.} 17. Qc5
Nf4 18. Qc2 Bd5 $15 {Freidank-Fritsch, corr 1990}) 12... Qd6 (12... Rb8 $5) 13.
Nbd2 (13. Ne5 $2 O-O $1 14. Nxc6 bxc6 15. Bxc6 Rab8 $15 {and again Black has
the better development, Muravlev-Tanin, corr 1967-68.}) 13... O-O (13... Bxa3
14. Nc4) 14. Nc4 Qe7 15. Bxc6 bxc6 16. Nfe5 Bxa3 17. Nxa3 (17. Nxc6 Qe8) 17...
Nb4 $11) 10... Be6 $1 {Development first!} (10... Nce7 {is too passive, and
the black K remains in the middle.} 11. Ba3 c6 12. Bxe7 $1 Kxe7 {Sad, but true.
Other moves lose immediately.} 13. Bxd5 Qxd5 14. Qa3+ Kf6 (14... Kd8 15. Rc1
Bc7 (15... b6 {wants to prevent Rc5, but} 16. Rc5 $1 {is very strong!} bxc5 17.
Qxa5+ Ke8 18. Nc3 Qd8 19. Qxc5 Be6 20. d5 $1 Bxd5 21. Re1+ Be6 22. Nd4 Qd7 23.
Nf5 Rg8 24. Rd1 $18 {Erlandsson-Demidenko, corr 1980}) 16. Nc3 Bd6 17. Qb2 Qa5
(17... Qf5 18. d5 $1) 18. Qb3 Ke7 19. Re1+ Kf8 20. Re3 Qc7 $5 {Konikowski} (
20... Rb8 $2 21. Rae1 Be6 22. Rxe6 $1 $16 {Krantz-Eilmes, cr 1978})) 15. Nc3
Bxc3 16. Qxc3 Be6 $5 {Konikowski} (16... Re8 17. Rfe1 Bf5 (17... Be6 $5 {
Konikowski}) 18. Qb4 $1 Be4 $6 19. Re3 {White has a nice compensation for the
P mostly because of the delicate position of the K.} b6 20. Rae1 Re6 21. Ne5
Bf5 22. g4 $18 {Krantz-Marcussi, cr 1975})) 11. Qxb7 {This hunting for the P
is not in the spirit of the Evans Gambit.} (11. Ba3 Bb4 {is again the most
logical continuation.} (11... Bb6 $6 {leaves the strong a3 B unattended.} 12.
Nc3 $1 Nxc3 (12... Na5 13. Qa4+) 13. Rfe1 $1 {This is a wonderful zwischenzug!}
(13. Bxe6 {immediately is not that effective:} fxe6 14. Qxe6+ Ne7 15. Rfe1 Ncd5
{and the N comes back to defend the K.} 16. Ng5 (16. Re5 Qd7 $1) 16... Rf8 $1 (
16... Qd7 $2 {founders on the effective} 17. Qf7+ Kd8 18. Ne6+ Kc8 19. Nf8 $1
$18 {Chekhov-Kaushansky, Riga ch 1977}) 17. Nxh7 Rf7 $1 (17... Rf4 18. Re5) 18.
Ng5 Rf6 $13) 13... Na5 (13... Nxd4 14. Nxd4 Qxd4 15. Bxe6 Kd8 16. Bxf7 Qxf2+
17. Kh1 $18 {and the black K is helpless against the threats on the opened
central lines.}) 14. Bxe6 $1 Nxb3 15. Bf5+ $1 $18 {is a nice romantic finish!})
(11... Qd7 $5 {/\ 0-0-0 securing the K's position.} 12. Rc1 (12. Qxb7 $4 {
is out of question:} Rb8 13. Qa6 Rb6 $19) (12. Nbd2 Bxd2 13. Nxd2 Na5 14. Qb2
Nxc4 15. Nxc4 Nf4 16. Ne3 Bd5 17. Rab1 O-O-O {and the K has escaped from the
middle.} 18. Rfd1 Rhe8 19. Rd2 Re6 20. Nxd5 Qxd5 21. f3 Rde8 22. Qb3 Rb6 23.
Qd1 Rxb1 24. Qxb1 Qe6 $19 {Markosian-V.L.Ivanov, Moscow open 1995}) (12. Rd1
O-O-O $1) (12. Bb5 Nde7 $1 {/\ 0-0} 13. d5 Bxd5 14. Qa4 Bxf3 15. gxf3 O-O 16.
Bxc6 Nxc6 17. Bxf8 Rxf8 $1 $15 {Szilagyi-Harding, cr 1988}) (12. Ne5 $5 Nxe5
13. Qxb7 Qc8 14. Qxc8+ Rxc8 15. dxe5 {It is not rare that White has a better
development except the bad N on b1, but this ruins his hopes.} Rb8 16. Rc1 Kd7
17. Rd1 Kc6 18. Bxd5+ Bxd5 19. Nc3 Bxc3 (19... Be6 {keeping the ^^ in an open
position looks interesting.} 20. Ne4 Rhd8 21. Rdc1+ Kb7 22. Nc5+ Ka8 {
Kolenbrander-Sogaard, cr 1991}) 20. Rac1 Rb5 $1 21. Rxc3+ Kb7 $11) 12... Nb6
13. Bxe6 Qxe6 14. Qb5 a6 15. Qg5 Qg6 16. Qh4 {The K cannot castle anywhere.} f6
17. Qh3 Qf7 18. Nc3 Qd7 19. Qxd7+ Kxd7 20. d5 Nb4 21. Rab1 Nd3 22. Rd1 Nxf2 23.
Kxf2 Bxc3 24. d6 $1 Nc4 25. Rxb7 Ba5 {1/2:1/2 Krantz-Harding, cr 1988}) 12.
Bxb4 Ncxb4 13. Nc3 (13. a3 Nc6 14. Qxb7 Na5 15. Bb5+ Kf8 16. Qa6 Nb3 17. Ra2
Nb6 $19 {Ilczuk-Ostowski, POLchT 1999}) 13... O-O 14. Nxd5 Nxd5 15. Qxb7 {
White wins back the material, but that's it.} Qd6 16. Qb3 Rab8 17. Qc2 h6 $11 {
Trapl-Sosna, Czech Extra League 2000-01}) 11... Ndb4 12. d5 $2 {This Q
sacrifice cannot be correct.} (12. Bb5 {was the best try.} Bd5 $1 (12... Bd7 $2
{allows White} 13. Re1+ Kf8 {and the K causes a lot of headache for Black.} 14.
Ne5 (14. Ba3 Rb8 15. Qa6 Kg8 $1 {is the best defence.} (15... Rb6 $2 {founders
on the brilliant} 16. Qxa5 $1 Nxa5 17. Bxb4+ Kg8 18. Bxd7 $1 Rxb4 (18... Qxd7
19. Bxa5 $16) 19. Re8+ Qxe8 20. Bxe8 $18 {Davis-Peters, USA 1983})) 14... Nxe5
15. Rxe5 Rb8 (15... c6 16. Bc4 Rb8 (16... Bb6 $5 17. Rf5 $1 Rb8 18. Bf4 $1 $16
{is a brilliant line by Nunn.}) 17. Qxa7 Bb6 18. Qa3 Bxd4 19. Bb2 Be6 20. Re4
$1 Bxb2 21. Qxb2 Bxc4 22. Nd2 $40 {Chandler}) 16. Qxa7 $14) (12... O-O 13. Bxc6
Rb8 14. Qxa7 Nxc6 15. Qc5 Bd5 {White has now an extra P, but Black has the
better developed pieces.} 16. Nbd2 (16. Ba3 Re8 17. Nbd2 Bb6 $1 {Chandler} (
17... Re2 $143 18. Rfd1 Qd7 19. Nf1 {Anderssen-Mieses, Breslau 1867})) 16...
Re8 17. Nb3 Bb4 18. Qc2 Bxf3 19. gxf3 Qd5 20. Bf4 Qxf3 21. Bg3 Bc3 22. Qd1 Re2
23. Rc1 Rbe8 24. Rc2 h5 25. d5 h4 26. Bxh4 Nb4 27. Rxe2 Qxe2 28. Bg3 Qc4 29. d6
cxd6 30. Qxd6 Nxa2 $11 {Sveshnikov-Nenashev, Kemerovo 1995}) 13. Ne5 $1 (13.
Re1+ Kf8 14. Ba3 Kg8 {and the Q is in the trap.} 15. Bxb4 Nxb4 16. Qxa8 Qxa8
17. Re8+ Qxe8 18. Bxe8 Bxf3 19. gxf3 Nc2 $19) 13... Rb8 (13... O-O 14. Nxc6
Nxc6 15. Bxc6 Bxc6 16. Qxc6 Qxd4 17. Bd2 Bxd2 {and White has saved his skin, 1/
2:1/2 Roy Chowdhury-Venkataramanan, Calcutta op 1994.}) 14. Bxc6+ (14. Nxc6
Rxb7 15. Nxd8+ Rxb5 16. Nc3 $1 Nc2 17. Nxb5 Nxa1 18. Bf4 Kxd8 19. Rxa1 a6 20.
Na3 Re8 $15 {and the ^^ is a super power.}) 14... Nxc6 15. Qa6 Rb6 16. Qd3 O-O
17. Bf4 Rb4 18. Nxc6 Bxc6 19. Qg3 Qxd4 20. Be5 Qg4 $17 {Schroeder-Harding, cr
1988}) 12... Rb8 13. Qxb8 Qxb8 14. dxe6 fxe6 {White has no adequate
compensation for the Q.} ({but not} 14... Nc2 $2 15. exf7+ Kf8 16. Nbd2 Nxa1
17. Re1 Ne7 18. Ba3) 15. Nc3 (15. Bxe6 Nc2 $19) 15... O-O 16. Rb1 (16. Ng5 Nd4
17. Nxe6 Nxe6 18. Bxe6+ Kh8 $19) 16... Qe8 17. Ng5 (17. Re1 Nd8) 17... Nd4 18.
Ba3 Qc6 $6 {Black unnecessarily complicates matters.} (18... c5 $1 {was simpler
} 19. Rfe1 $17) 19. Bxb4 Bxb4 20. Rxb4 Qc5 21. Bxe6+ $2 ({missing the only
chance after} 21. Rd1 $1 Qxb4 22. Rxd4 Kh8 $1 (22... Qxc3 $2 23. Bxe6+ Kh8 24.
Nf7+ Kg8 25. Ne5+ Kh8 26. Ng6+ $18) 23. Nge4 c5 $1 24. a3 Qxa3 25. Rd7 $15 {
and White's pieces are at least active.}) 21... Nxe6 $19 {Now Black liquidates
to a winning _|_.} 22. Rb5 Qxc3 23. Nxe6 Qc4 24. Re5 Re8 25. Rfe1 Qxa2 26. f4
h6 27. f5 Rb8 28. R5e2 Rb2 29. Kf2 a5 30. g4 a4 31. Kf3 Rxe2 32. Rxe2 Qd5+ 33.
Kf2 a3 34. Nf4 Qc4 0-1

[Event "FIDE-Wch k.o."]
[Site "Moscow"]
[Date "2001.12.02"]
[Round "3.2"]
[White "Milov, Vadim"]
[Black "Svidler, Peter"]
[Result "0-1"]
[WhiteElo "2602"]
[BlackElo "2686"]
[Annotator "Krasenkow,M"]
[PlyCount "74"]
[EventDate "2001.11.27"]
[EventType "k.o."]
[EventRounds "7"]
[EventCountry "RUS"]
[SourceTitle "CBM 086"]
[Source "ChessBase"]
[SourceDate "2002.02.05"]
[SourceVersion "1"]
[SourceVersionDate "2002.02.05"]
[SourceQuality "1"]

1. d4 Nf6 2. c4 g6 3. Nc3 d5 4. cxd5 Nxd5 5. e4 Nxc3 6. bxc3 Bg7 7. Ba3 {
This move is quite playable, although well-forgotten.} Nd7 (7... b6 {is the
other possible plan, probably, more appropriate.}) 8. Nf3 c5 9. Bc4 $6 {
A rare, quite harmless move.} (9. Qb3 {was played more frequently, e.g.} O-O
10. Be2 (10. Bd3 $143 {this is not a good place for the bishop} Qc7 (10... b6
11. Rd1 e6 12. O-O Qc7 13. e5 Bb7 14. Ng5 Rfc8 15. Qb1 Rab8 16. h4 $36 {
1-0 Dolmatov,S-Bagirov,Y/Frunze 1983/Inf 35 (35)}) 11. O-O Rb8 $1 {[%cal Rb7b5]
} 12. Bb5 b6 13. Rad1 a6 14. Bd3 b5 15. Bb1 Bb7 16. Rfe1 Ba8 17. h4 a5 $15 {
1/2-1/2 Evans,L-Kortschnoj,V/Buenos Aires 1960/MCD (41)}) (10. Rd1 cxd4 11.
cxd4 Nf6 12. Bd3 Bg4 13. Qxb7 Bxf3 14. gxf3 Qxd4 15. O-O (15. Qxe7 Qc3+ 16. Ke2
Nd5 $1 17. Qc5 Qxc5 18. Bxc5 Nc3+ $19 {0-1 Hund,J-Sauermann/corr 1968/Inf 05 
(29)}) (15. Bxe7 Qc3+ $36) 15... Qe5 16. Bxe7 Rfb8 17. Bxf6 Qxf6 18. Qc7 Bh6
19. Qg3 Bf4 20. Qg4 Rc8 $17 {0-1 Fajdetic,H-Rogulj,B/Pula 1992/EXT 98 (31)}) (
10. Bc4 cxd4 11. cxd4 Nb6 {leads to the game position}) 10... cxd4 (10... Qc7
11. O-O Rb8 12. e5 $1 {Now, unlike in the 10.Bd3 line, it is quite possible.}
e6 (12... b5 13. e6 c4 14. Qb4 {-the bishop is on e2 and not d3 and therefore
not hanging!} fxe6 15. Qxe7 $14) 13. Nd2 $1 b6 14. Nc4 $6 (14. Ne4 $142 $14)
14... Ba6 15. Rfe1 Bxc4 16. Bxc4 Rfd8 $4 (16... b5 {with an excellent play for
Black}) 17. Bb5 $16 {1-0 Papaioannou,I-Krasenkow,M/Leon 2001/CBM 86 (42)}) (
10... b6 $5 11. O-O Qc7 12. Rfd1 (12. Rad1 $5 Bb7 13. e5) 12... Bb7 13. e5 e6
14. Nd2 Rfc8 15. Rac1 a6 16. Bf3 $6 (16. Nc4 Bd5 17. Qb2) 16... Bxf3 17. Nxf3
c4 18. Qc2 b5 {0-1 Gerlach,M-Schulz,P/Germany 1993/EXT 97-B (45)}) 11. cxd4 Nf6
12. e5 (12. Bd3 Bg4 $1) 12... Nd5 13. O-O b6 14. Ng5 h6 15. Bf3 Bb7 16. Ne4 Qd7
17. Rfe1 Rac8 18. Rad1 Rfd8 19. e6 $5 fxe6 20. Bg4 Rc6 21. Bc1 $44 {1/2-1/2
Atalik,S-Lin Weiguo/Beijing 1997/CBM 61 (28)}) 9... cxd4 10. Qb3 O-O 11. cxd4
Nb6 12. Be2 {If White gives up this bishop, Black obtains an excellent
position:} (12. O-O Nxc4 13. Qxc4 Bg4 14. Rad1 Bxf3 15. gxf3 Qd7 16. Rd3 Rfc8
17. Qb4 e6 18. Rb1 Rc7 19. d5 exd5 20. Rxd5 Qe6 $15 {1-0 Ivanov,I-Lonoff,M/
Chicago 1990/EXT 97 (33)}) 12... Be6 13. Qb4 Rc8 $1 {Black must play actively
in the Gruenfeld!} 14. O-O {Black correctly assessed that after} (14. Qxe7 Qxe7
(14... Bxd4 $143 15. Nxd4 Qxd4 16. O-O $44) 15. Bxe7 Rfe8 16. Bh4 ({or} 16. Bd6
Bg4 17. e5 Nc4 18. Bb4 f6) 16... Bg4 17. e5 f6 $1 {White can't maintain his
material advantage.}) 14... Bc4 15. Rfe1 ({Perhaps} 15. Bxc4 Nxc4 16. Rac1 {
was more appropriate. If} b5 $5 {then after} 17. Qxb5 Nxa3 18. Qa4 e5 $8 19.
Rxc8 Qxc8 20. Qxa3 exd4 21. Qxa7 d3 22. Qe3 {the draw is not far away.}) 15...
Bxe2 16. Rxe2 Nc4 17. Rd1 Qd6 $1 {In the arising endgame Black has a small but
stable advantage due to his extra queenside pawn.} 18. Qxd6 exd6 19. Bc1 Rfe8
20. Bf4 b5 21. Rb1 a6 22. g4 (22. Kf1 {was more appropriate, moving the king
towards the centre.}) 22... Na3 23. Rb3 Rc2 $5 24. Re1 $2 {A strange mistake,
after which White loses at least a pawn.} (24. Rxc2 $142 Nxc2 25. Bxd6 (25. e5
{runs into} Nxd4 $1 26. Nxd4 dxe5 27. Re3 Rd8 28. Rxe5 $1 f5 $1 (28... f6 $143
29. Re4 f5 30. Nxf5 gxf5 31. gxf5 $11) 29. Nc6 Bxe5 30. Bxe5 Rd1+ 31. Kg2 fxg4
{with good winning chances for Black}) 25... Nxd4 (25... Rxe4 $2 26. Rc3) 26.
Nxd4 Bxd4 27. Rb4 $1 {White probably missed this move giving him good drawing
chances as} Rxe4 $6 {was not good due to} 28. Kf1 {[%cal Rd6c5,Rf2f3]}) (24.
Rbe3 {is inferior as after} Rxe2 25. Rxe2 d5 26. e5 b4 {the march of Black's
queenside pawns should decide the game.}) 24... Rxa2 (24... Nc4 $17 {was
possible, too, so it is not clear what White hoped for.}) 25. Bxd6 Nc2 26. Rd1
({Or} 26. Re2 Ra1+ 27. Kg2 Nxd4 28. Nxd4 Bxd4 {and Black should win}) 26...
Rxe4 27. d5 {A desperate attempt to create counterplay. However, Black can
easily neutralize White's d-pawn.} Nd4 28. Nxd4 Rxd4 {This is simpler than} (
28... Rxg4+ 29. Bg3 Bxd4) 29. Rxd4 Bxd4 30. Rd3 (30. Bg3 Rd2 31. Ra3 Bc5 32.
Rxa6 Rxd5 $19) 30... Bxf2+ 31. Kh1 Ra4 32. Be5 Rxg4 33. h3 Re4 34. Bf6 Bb6 35.
Rd1 (35. d6 Re6 36. Bh4 f6 37. d7 Bd8 $19 {-the pawn is stopped!}) 35... Kf8
36. Rc1 Rc4 37. Re1 Bc5 0-1

[Event "FIDE GP"]
[Site "Dubai"]
[Date "2002.04.03"]
[Round "1.1"]
[White "Svidler, Peter"]
[Black "Short, Nigel D"]
[Result "1/2-1/2"]
[WhiteElo "2688"]
[BlackElo "2663"]
[Annotator "Finkel,A"]
[PlyCount "78"]
[EventDate "2002.04.03"]
[EventType "k.o. (rapid)"]
[EventRounds "5"]
[EventCountry "UAE"]
[SourceTitle "CBM 089"]
[Source "ChessBase"]
[SourceDate "2002.08.12"]
[SourceVersion "1"]
[SourceVersionDate "2002.08.12"]
[SourceQuality "1"]

1. e4 e6 2. d4 d5 3. Nc3 Nf6 4. Bg5 dxe4 5. Nxe4 Be7 6. Bxf6 gxf6 7. Nf3 a6 8.
c3 $5 {Interesting continuation, leading to very sharp tactical struggle.} (8.
Qd2 b5 9. a4 (9. Qh6 Bb7 10. Qg7 Rf8 11. Qxh7 f5 12. Ned2 Nc6 13. c3 Bf6 14.
Qh6 Rh8 15. Qe3 Ne7 16. g3 Nd5 17. Qe2 $16 {Tupy,M-Sykora,R/CZE 1999}) 9... Bb7
10. Bd3 b4 11. Qe2 Nd7 12. a5 f5 13. Ng3 O-O 14. O-O Kh8 15. Rfe1 Rg8 16. Bc4
$14 {Gonzalez Fuente,C-Barrio Garcia,S/Santa Clara 2000}) (8. Bd3 f5 (8... Nd7
9. Qe2 f5 10. Ng3 Nf6 11. O-O-O Qd5 12. Kb1 f4 13. Ne4 Nxe4 14. Bxe4 Qd6 15.
Ne5 $14 {Toth,A-Dobos,J/Szekszard 1995}) 9. Nc5 (9. Ned2 Nc6 10. Nb3 b6 11. c3
Bb7 12. Qe2 Rg8 13. Rg1 Qd5 14. O-O-O b5 $132 {Gross,D-Thiel,T/Germany 1999/
GER-chT}) 9... b6 10. Nb3 Bb7 11. Qe2 Qd6 12. O-O-O Nd7 13. Rhe1 b5 14. Kb1 Qf4
$15 {Hracek,Z-Morozevich,A/Germany 1999/GER-chT}) (8. Bc4 b5 9. Bb3 Bb7 10. Qe2
Nd7 11. O-O-O Nb6 12. Nc5 Bd5 13. Rhe1 Qd6 14. g3 Nc4 $13 {Walek,M-Michalek,J/
CZE 1999}) (8. c4 b6 9. Qe2 Bb4+ 10. Ned2 Bb7 11. O-O-O Qe7 12. g3 Bxd2+ 13.
Rxd2 b5 14. d5 $14 {Kovchan,A-Vysochin,S/Alushta 1999}) 8... f5 9. Nc5 $5 b6 ({
Deserved attention} 9... Bxc5 $5 10. dxc5 Qxd1+ 11. Rxd1 Nc6 12. g3 Bd7 13. Bg2
e5 $13 {and the position is not perfectly clear.}) 10. Nd3 c5 11. dxc5 bxc5 12.
Qa4+ Bd7 13. Qf4 $1 {[%csl Rf7][%cal Gf3e5,Gg2g4] Starting an attack against
black king.} Nc6 14. g4 fxg4 (14... Qb8 15. gxf5 exf5 16. O-O-O Qxf4+ 17. Nxf4
$16 {[%csl Ra6,Rc5,Rf5]}) 15. Nfe5 f5 16. Bg2 Nxe5 17. Nxe5 (17. Qxe5 Bf6 18.
Qxc5 Rc8 19. Qd6 Bb5 $5 (19... a5 $2 $13) 20. Qxe6+ Qe7 21. Qxe7+ Kxe7 22. Rd1
(22. Nf4 $6 Rhe8 $36 {[%csl Re1][%cal Ge7f8]}) 22... Rhd8 $44) 17... Bg5 18.
Qc4 $5 (18. Qg3 $1 Bh4 19. Qe3 $36) 18... Bd2+ 19. Kd1 $6 {Missing good chance
to get serious advantage after} (19. Kxd2 $4 Bb5+ $19) (19. Ke2 $5 {[%cal
Gh1d1]} Rc8 (19... Bb5 $2 20. Bc6+ $18) 20. Qxa6 (20. Nxd7 $6 Qxd7 21. Rhd1 Rd8
22. Qxa6 Kf7 23. Qc4 Qd6 $13) 20... Bf4 21. Nxd7 Qxd7 22. Rhd1 Qc7 23. Qxe6+
Qe7 $16) 19... Bf4 20. Nxd7 Qxd7+ 21. Ke2 Qd2+ 22. Kf1 Kf7 $8 23. Bxa8 Rxa8 24.
Re1 Re8 $13 {White pieces lack coordination which permits black to create
counterplay.} 25. Kg2 (25. h3 $5 g3 26. Re2 Qd6 27. Rg1 $14) 25... Qd6 26. Rhf1
h5 27. Rd1 Qc6+ 28. f3 Bb8 29. Qd3 Kf6 30. Qd7 (30. Qe3 Kg6 31. Rd2 $5 Qc7 32.
Kh1 $14) 30... gxf3+ 31. Rxf3 Rg8+ 32. Kf2 Qe4 $1 $132 33. Re1 Qc2+ 34. Re2
Rg2+ 35. Kxg2 Qxe2+ 36. Rf2 Qe4+ 37. Kf1 Qb1+ 38. Kg2 Qe4+ 39. Kf1 Qb1+ 1/2-1/2

[Event "FIDE GP"]
[Site "Dubai"]
[Date "2002.04.03"]
[Round "1.4"]
[White "Short, Nigel D"]
[Black "Svidler, Peter"]
[Result "1-0"]
[WhiteElo "2663"]
[BlackElo "2688"]
[PlyCount "91"]
[EventDate "2002.04.03"]
[EventType "k.o. (rapid)"]
[EventRounds "5"]
[EventCountry "UAE"]
[SourceTitle "CBM 089"]
[Source "ChessBase"]
[SourceDate "2002.08.12"]
[SourceVersion "1"]
[SourceVersionDate "2002.08.12"]
[SourceQuality "1"]

1. e4 e5 2. Nf3 Nc6 3. Bb5 a6 4. Ba4 Nf6 5. O-O Be7 6. Re1 b5 7. Bb3 d6 8. c3
O-O 9. h3 Na5 10. Bc2 c5 11. d4 Qc7 12. Nbd2 cxd4 13. cxd4 Nc6 14. d5 Nb4 15.
Bb1 a5 16. a3 Na6 17. b4 axb4 18. axb4 Bd7 19. Qb3 Qb7 20. Bd3 Bd8 21. Nf1 Bb6
22. Bg5 Nh5 23. Be7 Rfe8 24. Bxd6 Bxh3 25. Bxe5 Qd7 26. N1h2 Bxg2 27. Kxg2 Rxe5
28. Nxe5 Nf4+ 29. Kh1 Qh3 30. Rg1 Bd4 31. Bc2 Bxe5 32. Qxh3 Nxh3 33. Ng4 Bxa1
34. Rxa1 Nc7 35. Rxa8+ Nxa8 36. Kg2 Nf4+ 37. Kf3 g5 38. d6 Nb6 39. Nf6+ Kg7 40.
e5 h6 41. Bf5 Kf8 42. Ke4 h5 43. Nh7+ Ke8 44. Nxg5 Nfd5 45. d7+ Ke7 46. Nxf7
1-0

[Event "FIDE GP"]
[Site "Dubai"]
[Date "2002.04.03"]
[Round "1.5"]
[White "Svidler, Peter"]
[Black "Short, Nigel D"]
[Result "0-1"]
[WhiteElo "2688"]
[BlackElo "2663"]
[PlyCount "66"]
[EventDate "2002.04.03"]
[EventType "k.o. (rapid)"]
[EventRounds "5"]
[EventCountry "UAE"]
[SourceTitle "CBM 089"]
[Source "ChessBase"]
[SourceDate "2002.08.12"]
[SourceVersion "1"]
[SourceVersionDate "2002.08.12"]
[SourceQuality "1"]

1. e4 e6 2. d4 d5 3. Nc3 Nf6 4. e5 Nfd7 5. f4 c5 6. Nf3 Nc6 7. Be3 a6 8. Qd2
cxd4 9. Nxd4 Bc5 10. Nce2 Qe7 11. O-O-O f6 12. Nxc6 bxc6 13. Nd4 Bxd4 14. Bxd4
fxe5 15. fxe5 c5 16. Be3 O-O 17. Bg5 Qe8 18. Be2 Nxe5 19. Qe3 Nd7 20. Bg4 Nf6
21. Bxf6 Rxf6 22. Qxc5 Qf8 23. Qe3 Rb8 24. a3 Bd7 25. Rhe1 Qd6 26. g3 h6 27.
Rf1 Rxf1 28. Rxf1 Qb6 29. Qe5 d4 30. b4 Rc8 31. Be2 Ba4 32. c4 dxc3 33. Bd3 Bb5
0-1

[Event "RUS-chT 09th Group1"]
[Site "Ekaterinburg"]
[Date "2002.05.20"]
[Round "4"]
[White "Moiseenko, Alexander"]
[Black "Svidler, Peter"]
[Result "1/2-1/2"]
[WhiteElo "2575"]
[BlackElo "2688"]
[PlyCount "57"]
[EventDate "2002.05.17"]
[EventType "team-tourn"]
[EventRounds "7"]
[EventCountry "RUS"]
[SourceTitle "EXT 2020"]
[Source "ChessBase"]
[SourceDate "2019.10.17"]
[SourceVersion "1"]
[SourceVersionDate "2019.10.17"]
[SourceQuality "1"]
[WhiteTeam "Novokuznetsk"]
[BlackTeam "Sankt Petersburg Lentransgaz"]
[WhiteTeamCountry "RUS"]
[BlackTeamCountry "RUS"]

1. d4 Nf6 2. Bg5 Ne4 3. Bf4 c5 4. f3 Qa5+ 5. c3 Nf6 6. Nd2 cxd4 7. Nb3 Qf5 8.
Bxb8 Rxb8 9. Qxd4 b6 10. e4 Qf4 11. Nh3 Qc7 12. e5 Ng8 13. O-O-O e6 14. Bd3 Ne7
15. Be4 Nc6 16. Bxc6 Qxc6 17. Ng5 Be7 18. Ne4 Bb7 19. Rhe1 Rd8 20. Qe3 O-O 21.
Nd6 Ba8 22. Kb1 f6 23. Re2 fxe5 24. Qxe5 Rf6 25. Red2 Rg6 26. Qe2 Qc7 27. h3
Bxd6 28. Rxd6 Bd5 29. Qe5 1/2-1/2